| 000 | 01514nam a2200421 i 4500 | ||
|---|---|---|---|
| 001 | 1415 | ||
| 003 | KOSZ 005 | ||
| 005 | 20200630132815.0 | ||
| 008 | 000320s1980 pl a |000 0 pol | ||
| 015 | _aPB 1980/1450 | ||
| 020 | _a8301005297 | ||
| 035 | _a(OCoLC)749697023 | ||
| 040 |
_aWA N _cWA N _dKOSZ 005/EG _dKOSZ 005/HR |
||
| 041 | 0 | _apol | |
| 046 | _k1980 | ||
| 080 | _a51 | ||
| 080 | _a(075.8) | ||
| 245 | 1 | 0 |
_aMatematyka dla studiów technicznych dla pracujących : _bpraca zbiorowa. _nT. 1 / _cpod red. Krystyny Dobrowolskiej ; [aut. Krystyna Dobrowolska, Wacław Dyczka, Helena Jakuszenkow, Jan Maciulewicz]. |
| 260 |
_aWarszawa : _bPańst. Wydaw. Naukowe, _c1980. |
||
| 300 |
_a502 s. : _bil. wykr. ; _c25 cm. |
||
| 336 |
_2rdacontent _aTekst _btxt |
||
| 337 |
_2rdamedia _aBez urządzenia pośredniczącego _bn |
||
| 338 |
_2rdacarrier _aWolumin _bnc |
||
| 380 | _aKsiążki | ||
| 380 | _aPublikacje dydaktyczne | ||
| 385 |
_mPoziom nauczania _aSzkoły wyższe |
||
| 388 | _a1901-2000 | ||
| 388 | _a1945-1989 | ||
| 650 | 4 | _aMatematyka | |
| 655 | 4 | _aPodręczniki akademickie | |
| 700 | 1 |
_aDobrowolska, Krystyna _d(1939- ). _eRedakcja _eAutor |
|
| 700 | 1 |
_aDyczka, Wacław _eAutor |
|
| 700 | 1 |
_aJakuszenkow, Helena _eAutor |
|
| 700 | 1 |
_aMaciulewicz, Jan _eAutor |
|
| 710 | 2 |
_aPaństwowe Wydawnictwo Naukowe _4pbl. |
|
| 856 |
_uhttp://koha.tu.koszalin.pl/cgi-bin/koha/opac-detail.pl?biblionumber=1415 _yKatalog online BPK |
||
| 942 |
_2UKD _cKS |
||
| 999 |
_c1415 _d1415 |
||